=LDR 00000nam 2200000 4500 =001 INLIS000000000027537 =005 20130612125915 =008 ***********************************Ind** =035 ##$$0010-061300000027537 =041 ##$$a Ind =082 ##$$a 621.47 =090 ##$$a 621.47, Min p =100 ##$$a Minto =245 ##$$a Pengering dan tungku tenaga matahari, Minto =260 ##$$a 2002 $b Bandung =300 ##$$a vi,46 hlm, ilus, 20 cm =650 ##$$a Tenaga matahari =850 ##$$a NBPNMAT